Statistiques concernant Patronus des personnages Harry Potter

Cliquez ici pour prendre le quiz!

Statistiques générales

  • Ce quiz a été pris 374 fois
    (358 depuis la dernière actualisation)
  • Le résultat moyen est 10 sur 15

Statistiques - réponses

QuestionRéponse% Correct
Cerf (il faut bien mettre une petite facile)James Potter
98%
LoutreHermione Granger
97%
BicheLily Potter
97%
Biche (Ben oui il y en a deux qui on un Patronus en forme de biche!)Severus Rogue
89%
CygneCho Chang
87%
Qui a un Patronus de forme très rare?Albus Dumbledore
83%
LièvreLuna Lovegood
81%
LynxKingsley Shacklebolt
72%
Loup (anciennement lièvre)Nymphadora Tonks
72%
BoucAbelforth Dumbledore
68%
BeletteArthur Weasley
60%
Chat au pelage touffu (si il y en a une petite facile, pourquoi pas une petite difficile😅)Dolores Ombrage
55%
Qui n'aime pas son Patronus?Remus Lupin
51%
Quelle groupe de deux personnes avaient le même Patronus?Nymphadora Tonks et Luna lovegood
32%
Lequelle de ces personnages à un Patronus de forme inhabituelle?Harry Potter
5%

Distribution des résultats

Percentile par nombre de réponses

% des personnes avec chaque résultat

Votre développement - résultats

Vous n’avez pas pris ce quiz depuis la dernière actualisation